00541 2200181 4500001002100000005001500021035002000036245010200056100002400158260004400182300002600226020002200252084001400274082000800288650001000296008004100306990001200347INLIS00000000000269620251007090406 a0010-09250000431 aSejarah Kota Jakarta Jilid 2: Bangunan Bersejarah dan Cagar Budaya Era VOC /cThomas B. Ataladjar aThomas B. Ataladjar aJakarta :bEsensi Erlangga Group,c2022 a129 ;c(14,5 x 21 cm) a978-602-6847-89-8 a900 THO s a900 4aFiksi251007 0  a0754898